Borders Both Bodies of Water - Statistics

General Stats
  • This quiz has been taken 34 times
  • The average score is 24 of 25
Answer Stats
Hint Answer % Correct
Baltic Sea & North Sea Denmark
100%
Arabian Sea & Bay of Bengal India
100%
Adriatic Sea & Tyrrhenian Sea Italy
100%
Morocco
100%
Spain
100%
Sweden
100%
Gulf of Mexico & Lake Michigan United States
100%
East China Sea & South China Sea China
97%
Mediterranean Sea & Red Sea Egypt
97%
Atlantic Ocean & Mediterranean Sea France
97%
Germany
97%
Indonesia
97%
Caspian Sea & Persian Gulf Iran
97%
Israel
97%
Pacific Ocean & Lake Titicaca Peru
97%
Black Sea & Caspian Sea Russia
97%
Red Sea & Persian Gulf Saudi Arabia
97%
Yemen
97%
Atlantic Ocean & Indian Ocean South Africa
93%
Tanzania
93%
Indian Ocean & Pacific Ocean Australia
90%
Pacific Ocean & Hudson Bay Canada
90%
Red Sea & Gulf of Aden Djibouti
90%
Indian Ocean & Lake Victoria Kenya
90%
Taiwan
90%
No matching quizzes found
Score Distribution
Percent of People with Each Score
Percentile by Number Answered
Your Score History
You have not taken this quiz